Marie Pujmanová

Podrobná bibliografia
Hlavný autor: Pišút, Milan, 1908-1984 (Autor)
Médium: Článok
Jazyk:slovenčina
Predmet:

MARC

LEADER 00000cab a2200000 4500
001 vtls011511459
003 SK-MaSNL
005 20260303213746.0
008 230704|1958 xo |||||||||||||||||slo|
015 |a SNBRB 
035 |a (urnnbn)urn:nbn:sk:snk:ar-00190a 
035 |a (uuid)c5ffcf1c-e9d3-46c7-a8d3-fca1ef22c47a 
035 |a urn:nbn:sk:snk-abe229 
040 |a SNKBUCL  |b slo  |c SNKBUCL  |e AACR2 
041 0 |a slo 
044 |a xo  |c SK 
080 |a (092)  |2 2011 
080 |a 821.162.3-051  |2 2011 
080 |a 929 Pujmanová, Marie  |2 2011 
100 1 |a Pišút, Milan,  |d 1908-1984  |4 aut  |9 106532 
245 1 0 |a Marie Pujmanová  |c Milan Pišút 
600 1 7 |a Pujmanová, Marie,  |d 1893-1958  |2 SNKMA  |9 123347 
650 0 7 |a literárna tvorba  |2 SNKPH  |9 4226 
650 0 7 |a českí spisovatelia  |2 SNKPH  |9 82537 
655 7 |a profily  |2 SNKPH  |9 341977 
655 7 |a biografie  |2 SNKPH  |9 27965 
773 0 |t Slovenské pohľady  |g Roč. 74, č. 6 (1958), s. 565-566 
850 |a Slovenská národná knižnica 
852 |a Slovenská národná knižnica 
954 |a odborná, vedecká literatúra pôvodná (slovenská)  |2 lita 
958 |a LX 
958 |a CZ 
958 |a OND 
958 |a EUIPO 
958 |a article21 
999 |c 2213733  |d 2215663